000 00431nam a2200181Ia 4500
001 12784
005 20260306163006.0
008 260306t2007||||xx |||||||||||||| ||spa||
041 _aESP
082 _a301.03
_bB24
100 _aBarfield, Thomas (editor)
_eAUT
245 0 _aDiccionario de antropologĂ­a
260 _c2007
300 _axvi, 652 páginas :
_c
650 _aGEN
654 _aCHU
942 _cDIC
_dJUS
_fJUS
_2ddc
_n
999 _c12784
_d12784